History Quiz

Random History or Clickable Quiz

Rushmore Presidents Consonants Quiz Stats

 Plays Quiz Updated Apr 17, 2018

Score 0/12 Timer 00:30
3 Plays Today
% Correct
???
87.7%
???
87.3%
???
86%
???
85.8%
???
84.4%
???
82.4%
???
80.1%
???
74.5%
???
72.5%
???
71.9%
???
70.9%
???
69.2%

You're not logged in!

Compare scores with friends on all Sporcle quizzes.
OR
Log In

You Might Also Like...

Show Comments

Extras

Top Quizzes Today


Score Distribution

Your Account Isn't Verified!

In order to create a playlist on Sporcle, you need to verify the email address you used during registration. Go to your Sporcle Settings to finish the process.

Report this User

Report this user for behavior that violates our Community Guidelines.

Details: